Normal view MARC view
  • Mathematical recreations

Entry Topical Term

Number of records used in: 4

001 - CONTROL NUMBER

  • control field: 38848

003 - CONTROL NUMBER IDENTIFIER

  • control field: NUST

005 - DATE AND TIME OF LATEST TRANSACTION

  • control field: 20210314131259.0

008 - FIXED-LENGTH DATA ELEMENTS

  • fixed length control field: 210314|| aca||aabn | a|a d

040 ## - CATALOGING SOURCE

  • Original cataloging agency: NUST
  • Transcribing agency: NUST

150 ## - HEADING--TOPICAL TERM

  • Topical term or geographic name entry element: Mathematical recreations

670 ## - SOURCE DATA FOUND

  • Source citation: Work cat.: (NUST): Kasner, Edward, 38847, Mathematics and the imagination, 1949.
© 2023 Central Library, National University of Sciences and Technology. All Rights Reserved.